000 00668nam a22002177a 4500
005 20251108165932.0
008 250721s1999 xx 000 0 ara d
082 1 4 _a657.48/كبي
100 1 _aالكبيسي، عبد الستار
245 1 0 _aالمحاسبة المالية :
_bالمبادىء و الإجراءات /
264 1 _aعمان :
_bدار الحامد،
_c1999.
300 _a252ص
650 1 7 _aالمحاسبة
650 1 7 _aالمبيعات
650 1 7 _aالكشوفات المالية
650 1 7 _aالإيرادات
700 1 _aالجبوري، مثنى
700 1 _aالشيخ، عماد
942 _2ddc
_cBK
999 _c35267
_d35267